Countries by Letter - N - Statistics

General Stats
  • This quiz has been taken 47 times
  • The average score is 9 of 11
Answer Stats
Countries % Correct
Norway
97%
Niger
91%
Nigeria
91%
Namibia
89%
Nauru
89%
New Zealand
89%
Nicaragua
86%
Nepal
80%
North Korea
80%
(The) Netherlands
77%
North Macedonia
71%
No matching quizzes found
Score Distribution
Percent of People with Each Score
Percentile by Number Answered
Your Score History
You have not taken this quiz